[Event "Olomouc Chess Summer 2019 - Open Olomouc"]
[Site "Olomouc (CZE), Hotel Flora"]
[Date "2019.08.15"]
[Round "7"]
[Board "2"]
[White "HAUGLI, Petter"]
[Black "DAMBRAUSKAS, Virginijus"]
[Result "1-0"]
[WhiteElo "2224"]
[BlackElo "2253"]
[PlyCount "83"]
[EventDate "2019.08.10"]
[EventRounds "9"]
[EventCountry "CZE"]

1. e4 c5 2. Nf3 e6 3. d4 cxd4 4. Nxd4 Nf6 5. Nc3 d6 6. g4 Nc6 7. g5 Nd7 8. Be3
a6 9. Qd2 Be7 10. h4 Qc7 11. O-O-O Nc5 12. Nxc6 Qxc6 13. Bg2 Na4 14. Nxa4 Qxa4
15. Kb1 Qc6 16. f4 Qc7 17. h5 Bd7 18. g6 O-O-O 19. gxf7 Rhf8 20. Qf2 Rxf7 21.
Bb6 Qc6 22. Bxd8 Bxd8 23. Qd2 Bc7 24. f5 Qc5 25. fxe6 Bxe6 26. Bh3 Bxh3 27.
Rxh3 Rf2 28. Qd3 Kb8 29. a3 Ka8 30. Rf1 Rg2 31. Rg3 Rxg3 32. Qxg3 Qxh5 33. Qxg7
Bb8 34. Qg8 Ka7 35. Qd5 Qh2 36. Rf7 Qg1+ 37. Ka2 Qb6 38. Rxh7 Ka8 39. Rh8 Qc7
40. Qg8 Ka7 41. Kb1 Ka8 42. Qc8  1-0

[Event "Olomouc Chess Summer 2019 - Open Olomouc"]
[Site "Olomouc (CZE), Hotel Flora"]
[Date "2019.08.15"]
[Round "7"]
[Board "3"]
[White "OCKAY, Tomas"]
[Black "BABULA, Milan"]
[Result "1/2-1/2"]
[WhiteElo "2137"]
[BlackElo "2226"]
[PlyCount "28"]
[EventDate "2019.08.10"]
[EventRounds "9"]
[EventCountry "CZE"]

1. Nf3 g6 2. d4 Bg7 3. g3 Nf6 4. Bg2 O-O 5. O-O d6 6. b3 Na6 7. Bb2 c5 8. c4
Rb8 9. Nc3 Bf5 10. Qc1 Qd7 11. Rd1 Bh3 12. Bh1 cxd4 13. Nxd4 Nc5 14. Nd5 Nxd5
 1/2-1/2

[Event "Olomouc Chess Summer 2019 - Open Olomouc"]
[Site "Olomouc (CZE), Hotel Flora"]
[Date "2019.08.15"]
[Round "7"]
[Board "4"]
[White "LEE, Zhia Chen Zachary"]
[Black "HOERR, Matthias"]
[Result "1-0"]
[WhiteElo "1747"]
[BlackElo "2193"]
[PlyCount "113"]
[EventDate "2019.08.10"]
[EventRounds "9"]
[EventCountry "CZE"]

1. c4 c5 2. Nc3 g6 3. g3 Nc6 4. Bg2 Bg7 5. Nf3 e5 6. d3 Nge7 7. O-O O-O 8. a3
a6 9. Rb1 Rb8 10. b4 cxb4 11. axb4 b5 12. c5 a5 13. bxa5 Qxa5 14. Bd2 b4 15.
Ne4 Nd5 16. Qb3 Nf6 17. Nxf6+ Bxf6 18. Rfc1 Qb5 19. Bh6 Bg7 20. Bxg7 Kxg7 21.
Qb2 f6 22. Nd2 Bb7 23. Ne4 Ba8 24. Nd6 Qa5 25. Ra1 Qd8 26. e3 Ne7 27. Bxa8 Rxa8
28. Qxb4 Qc7 29. Qb6 Qc6 30. Qxc6 Nxc6 31. Rxa8 Rxa8 32. Rb1 Rb8 33. Rxb8 Nxb8
34. Kf1 Kf8 35. Ke2 Ke7 36. d4 exd4 37. exd4 Ke6 38. Kd3 Nc6 39. Ne4 Ne7 40.
Kc4 h6 41. Nc3 g5 42. f4 gxf4 43. gxf4 h5 44. d5+ Kf5 45. Kd3 Kxf4 46. d6 Nc6
47. Nd5+ Ke5 48. Ne7 Nd8 49. Kc4 f5 50. Ng6+ Ke4 51. Nf8 f4 52. Nxd7 Kf3 53.
Nf6 Kg2 54. Nxh5 f3 55. Ng3 Kxh2 56. Ne4 Nb7 57. d7  1-0

[Event "Olomouc Chess Summer 2019 - Open Olomouc"]
[Site "Olomouc (CZE), Hotel Flora"]
[Date "2019.08.15"]
[Round "7"]
[Board "5"]
[White "GEWENIGER, Tim"]
[Black "ZAEHRINGER, Daniel"]
[Result "1/2-1/2"]
[WhiteElo "1974"]
[BlackElo "2176"]
[PlyCount "77"]
[EventDate "2019.08.10"]
[EventRounds "9"]
[EventCountry "CZE"]

1. d4 Nf6 2. c4 g6 3. Nc3 Bg7 4. e4 d6 5. f3 O-O 6. Be3 c5 7. Nge2 Nc6 8. d5
Ne5 9. Ng3 h5 10. Be2 h4 11. Nf1 e6 12. f4 Nxc4 13. Bxc4 b5 14. Bxb5 exd5 15.
exd5 Qe7 16. Qd2 Ne4 17. Nxe4 Qxe4 18. Bd3 Qxd5 19. Rg1 Rb8 20. Rb1 Qxa2 21. b3
Qa3 22. Qc2 Qb4+ 23. Kf2 Re8 24. Qc4 Qa5 25. Qa4 Qd8 26. b4 Bb7 27. Qc2 h3 28.
g3 Qd7 29. bxc5 Qc6 30. Be2 Rbc8 31. Qb3 Ba8 32. Qb5 Qd5 33. Rd1 Qe4 34. Qd3
Qa4 35. Qc4 Qc6 36. Qb5 Qe4 37. Qd3 Qa4 38. Qc4 Qc6 39. Qb5  1/2-1/2

[Event "Olomouc Chess Summer 2019 - Open Olomouc"]
[Site "Olomouc (CZE), Hotel Flora"]
[Date "2019.08.15"]
[Round "7"]
[Board "6"]
[White "SPIREK, Adam"]
[Black "VOLODIN, Viktor"]
[Result "0-1"]
[WhiteElo "2024"]
[BlackElo "2168"]
[PlyCount "99"]
[EventDate "2019.08.10"]
[EventRounds "9"]
[EventCountry "CZE"]

1. e4 c5 2. Nc3 Nc6 3. g3 g6 4. Bg2 Bg7 5. d3 e6 6. Be3 d6 7. Qd2 Nge7 8. Nf3
Rb8 9. O-O Nd4 10. Rfb1 O-O 11. Ne2 Nec6 12. c3 Nxf3+ 13. Bxf3 Ne5 14. Bg2 Ng4
15. Bf4 e5 16. Bg5 f6 17. Be3 Nxe3 18. Qxe3 Be6 19. c4 b5 20. b3 Qd7 21. Nc3 b4
22. Nd5 Bxd5 23. cxd5 a5 24. h4 f5 25. Kh2 f4 26. Qe1 g5 27. hxg5 Qg4 28. f3
Qxg5 29. g4 Rf6 30. Bh3 Rh6 31. Qf2 Bf6 32. Rh1 Kh8 33. Kg1 Bd8 34. Kf1 Bb6 35.
Qe1 c4 36. dxc4 Bc5 37. Ke2 Rh4 38. Bg2 Rxg4 39. fxg4 f3+ 40. Bxf3 Qe3+ 41. Kd1
Qxf3+ 42. Kc2 Be3 43. Rd1 Rf8 44. Rd3 Qg2+ 45. Kd1 Bg5 46. Rdh3 Rf2 47. Rxh7+
Kg8 48. Rh8+ Kg7 49. R8h7+ Kg6 50. R7h2  0-1

[Event "Olomouc Chess Summer 2019 - Open Olomouc"]
[Site "Olomouc (CZE), Hotel Flora"]
[Date "2019.08.15"]
[Round "7"]
[Board "7"]
[White "SINGH, Soram Rahul"]
[Black "CAGASIK, Tomas"]
[Result "1/2-1/2"]
[WhiteElo "2039"]
[BlackElo "2118"]
[PlyCount "84"]
[EventDate "2019.08.10"]
[EventRounds "9"]
[EventCountry "CZE"]

1. d4 d5 2. c4 e5 3. dxe5 dxc4 4. Qxd8+ Kxd8 5. Nf3 Nc6 6. Bf4 h6 7. Nc3 Be6 8.
O-O-O+ Kc8 9. e3 a6 10. Nd4 Nxd4 11. exd4 b5 12. d5 Bd7 13. Be2 Ne7 14. Bf3 Rb8
15. Rhe1 g5 16. Bg3 Bg7 17. e6 fxe6 18. dxe6 Be8 19. Nd5 Nxd5 20. Rxd5 Rb6 21.
Rc5 c6 22. Bg4 h5 23. Bf5 Bd4 24. e7+ Kb7 25. Be5 Bxc5 26. Bxh8 Bd6 27. Re6 Kc7
28. Be5 Bxe5 29. Rxe5 g4 30. h3 gxh3 31. Bxh3 c5 32. f4 Rf6 33. f5 Kd6 34. Re4
a5 35. Kd2 b4 36. Rxc4 Rf7 37. f6 Rxf6 38. Re4 Rf7 39. Re6+ Kd7 40. Re5+ Kd6
41. Re6+ Kd7 42. Re5+ Kd6  1/2-1/2

[Event "Olomouc Chess Summer 2019 - Open Olomouc"]
[Site "Olomouc (CZE), Hotel Flora"]
[Date "2019.08.15"]
[Round "7"]
[Board "8"]
[White "SRINIVASA RAO, M."]
[Black "CHANDREYEE, Hajra"]
[Result "1-0"]
[WhiteElo "2090"]
[BlackElo "1950"]
[PlyCount "81"]
[EventDate "2019.08.10"]
[EventRounds "9"]
[EventCountry "CZE"]

1. c4 e6 2. Nf3 Nf6 3. g3 d5 4. d4 Be7 5. Bg2 O-O 6. O-O c6 7. Qc2 b6 8. Nbd2
Nbd7 9. e4 dxe4 10. Nxe4 Bb7 11. Rd1 Rc8 12. Bf4 Nxe4 13. Qxe4 Nf6 14. Qe2 h6
15. Rac1 Bd6 16. Ne5 Qe7 17. a3 a5 18. Rd2 Rfd8 19. Rcd1 Nd7 20. c5 Bxe5 21.
Bxe5 Nxe5 22. Qxe5 bxc5 23. dxc5 Ba6 24. h4 Bb5 25. b3 a4 26. bxa4 Bxa4 27.
Rxd8+ Rxd8 28. Rd4 Ra8 29. Be4 f6 30. Qd6 Kf8 31. Rb4 f5 32. Bf3 g6 33. Qf4 g5
34. Qe5 Kg8 35. hxg5 hxg5 36. g4 f4 37. Qe4 Qa7 38. Qxe6+ Qf7 39. Qe5 Qg6 40.
Bd5+ Kh7 41. Be4  1-0

[Event "Olomouc Chess Summer 2019 - Open Olomouc"]
[Site "Olomouc (CZE), Hotel Flora"]
[Date "2019.08.15"]
[Round "7"]
[Board "9"]
[White "SVOBODOVA, Michaela"]
[Black "GRABARCZYK, Sylwester"]
[Result "1-0"]
[WhiteElo "2055"]
[BlackElo "1784"]
[PlyCount "137"]
[EventDate "2019.08.10"]
[EventRounds "9"]
[EventCountry "CZE"]

1. e4 b6 2. d4 d6 3. Nf3 Nf6 4. Nc3 Bb7 5. Bd3 Nbd7 6. Bf4 Nh5 7. Be3 Nhf6 8.
O-O e5 9. Qd2 Be7 10. Rad1 exd4 11. Nxd4 Ng4 12. Nd5 Nxe3 13. Qxe3 O-O 14. Nf5
Bxd5 15. exd5 Bf6 16. b3 Ne5 17. Qh3 g6 18. f4 Nxd3 19. Nh6+ Kg7 20. Rxd3 Bh4
21. Ng4 f5 22. Ne3 Re8 23. c4 Re4 24. g4 fxg4 25. Nxg4 Qe7 26. Qf3 Re8 27. Ne5
Re1 28. Rxe1 Bxe1 29. Nc6 Qf6 30. Nd4 Kg8 31. Ne6 Re7 32. Re3 Bd2 33. Re2 Bc3
34. Kh1 Bb4 35. h3 Bc5 36. Kh2 Ba3 37. Qg4 Bc1 38. Rg2 Rf7 39. h4 Bxf4+ 40. Kh1
Qa1+ 41. Rg1 Qe5 42. h5 Kh8 43. Rf1 Qe4+ 44. Qf3 Qxf3+ 45. Rxf3 g5 46. Nxg5 Rf5
47. Ne6 Rxh5+ 48. Kg2 Bh6 49. Rf7 Kg8 50. Rxc7 a5 51. Rc6 Be3 52. Rxd6 Rf5 53.
Rd7 Rf2+ 54. Kg3 Rxa2 55. d6 Rd2 56. Rg7+ Kh8 57. d7 b5 58. cxb5 Bb6 59. Rf7
Rd3+ 60. Kf4 h6 61. d8=Q+ Bxd8 62. Rf8+ Kh7 63. Rxd8 Rxb3 64. Nd4 Rb4 65. Ke3
Kg6 66. Rd6+ Kg5 67. b6 a4 68. Rd5+ Kg4 69. Rb5  1-0

[Event "Olomouc Chess Summer 2019 - Open Olomouc"]
[Site "Olomouc (CZE), Hotel Flora"]
[Date "2019.08.16"]
[Round "8"]
[Board "1"]
[White "LEE, Zhia Chen Zachary"]
[Black "HAUGLI, Petter"]
[Result "0-1"]
[WhiteElo "1747"]
[BlackElo "2224"]
[PlyCount "78"]
[EventDate "2019.08.10"]
[EventRounds "9"]
[EventCountry "CZE"]

1. c4 e5 2. g3 Nf6 3. Bg2 Nc6 4. Nc3 Bb4 5. Nd5 O-O 6. a3 Bc5 7. e3 Nxd5 8.
cxd5 Ne7 9. Ne2 d6 10. d4 exd4 11. Nxd4 Nf5 12. Nxf5 Bxf5 13. b4 Qf6 14. Bd2
Bb6 15. O-O Rfe8 16. Qb3 Qg6 17. a4 a6 18. a5 Ba7 19. Rfc1 Re7 20. b5 axb5 21.
Qxb5 Rb8 22. Ra4 Bd7 23. Qb3 Bxa4 24. Qxa4 Qd3 25. Qc2 Qxc2 26. Rxc2 Bc5 27.
Rb2 b5 28. Bb4 Ree8 29. Bf1 Re4 30. Bxc5 dxc5 31. a6 Rb4 32. Rxb4 cxb4 33. d6
cxd6 34. Bg2 Rc8 35. Kf1 Rc1+ 36. Ke2 Ra1 37. Kd3 Rxa6 38. Bd5 Ra3+ 39. Kd4 Rc3
 0-1

[Event "Olomouc Chess Summer 2019 - Open Olomouc"]
[Site "Olomouc (CZE), Hotel Flora"]
[Date "2019.08.16"]
[Round "8"]
[Board "2"]
[White "BABULA, Milan"]
[Black "LYS, Josef"]
[Result "0-1"]
[WhiteElo "2226"]
[BlackElo "2115"]
[PlyCount "142"]
[EventDate "2019.08.10"]
[EventRounds "9"]
[EventCountry "CZE"]

1. e4 c5 2. Nf3 Nc6 3. Nc3 Nf6 4. d4 cxd4 5. Nxd4 d6 6. g3 Nxd4 7. Qxd4 g6 8.
Bb5+ Bd7 9. Bxd7+ Qxd7 10. Bg5 Bg7 11. Qd2 O-O 12. O-O Rfe8 13. f3 Qc6 14. Kg2
Rac8 15. Bh6 Bh8 16. Rf2 Nd7 17. Nd1 b5 18. c3 a5 19. Ne3 Ne5 20. Bf4 Nc4 21.
Nxc4 Qxc4 22. a3 h5 23. Rd1 b4 24. cxb4 axb4 25. Qd3 bxa3 26. bxa3 Qa4 27. Rc1
Ra8 28. Ra2 Rec8 29. Rxc8+ Rxc8 30. Bd2 Qd1 31. Qa6 Rc2 32. Rxc2 Qxc2 33. Qa8+
Kh7 34. Qd5 e6 35. Qa5 Bd4 36. Kh3 Qd3 37. Qg5 Qxf3 38. Qf4 Qxf4 39. gxf4 d5
40. exd5 exd5 41. Kg2 Kg7 42. a4 Kf6 43. a5 Ke6 44. Kf3 Bc5 45. h3 Kd6 46. f5
gxf5 47. Kf4 Ke6 48. Kg5 Ke5 49. a6 Ke4 50. h4 d4 51. Kxh5 d3 52. Kg5 f6+ 53.
Kg6 f4 54. Bb4 Ba7 55. h5 f3 56. h6 f2 57. h7 f1=Q 58. h8=Q Qg2+ 59. Kf7 Qa2+
60. Kg6 Qxa6 61. Qe8+ Kd5 62. Kf5 Kc4 63. Bd2 Kb3 64. Qe1 Bd4 65. Qd1+ Ka2 66.
Ke4 Qc4 67. Kf3 Qd5+ 68. Kg3 Be5+ 69. Kf2 Qd4+ 70. Kf3 f5 71. Qe1 Qg4+  0-1

[Event "Olomouc Chess Summer 2019 - Open Olomouc"]
[Site "Olomouc (CZE), Hotel Flora"]
[Date "2019.08.16"]
[Round "8"]
[Board "3"]
[White "VOLODIN, Viktor"]
[Black "SRINIVASA RAO, M."]
[Result "1/2-1/2"]
[WhiteElo "2168"]
[BlackElo "2090"]
[PlyCount "164"]
[EventDate "2019.08.10"]
[EventRounds "9"]
[EventCountry "CZE"]

1. Nf3 Nf6 2. g3 g6 3. b3 Bg7 4. Bb2 O-O 5. c4 c5 6. Bg2 Nc6 7. O-O d6 8. d4
cxd4 9. Nxd4 Nxd4 10. Bxd4 Qa5 11. Qd2 Qh5 12. f3 Nd7 13. Bxg7 Kxg7 14. Qd4+
Qe5 15. Rd1 Qxd4+ 16. Rxd4 Ne5 17. Nc3 Rb8 18. h3 Be6 19. f4 Nc6 20. Rd2 Rfc8
21. g4 a6 22. Rc1 Nb4 23. Rf1 f6 24. f5 Bf7 25. a4 Rc5 26. Ne4 Re5 27. g5 gxf5
28. gxf6+ Kg6 29. Ng3 Kxf6 30. e4 f4 31. Rxf4+ Kg7 32. Nf5+ Kh8 33. Nxd6 Bg6
34. Nf7+ Bxf7 35. Rxf7 Nc6 36. Rd5 Re6 37. Rh5 h6 38. Rff5 Rg8 39. Kh1 Nd4 40.
Rf2 Nxb3 41. e5 Rg5 42. Rxg5 hxg5 43. Rf5 Nc5 44. Rxg5 b6 45. Bd5 Rh6 46. Kg2
Nxa4 47. Rg8+ Kh7 48. Re8 Rg6+ 49. Kf3 Nc5 50. Rxe7+ Kh6 51. Be4 Rg7 52. Re8
Kg5 53. Ke3 b5 54. cxb5 Nxe4 55. Kxe4 axb5 56. Kd5 Rd7+ 57. Ke6 Rb7 58. Rg8+
Kh6 59. Kf6 Kh7 60. Rg1 Rb8 61. e6 Rf8+ 62. Ke7 Rf3 63. Kd8 Rd3+ 64. Ke8 b4 65.
h4 b3 66. Rf1 b2 67. Rf7+ Kg6 68. Rb7 Rd2 69. e7 Kg7 70. Rb8 Kg8 71. Rb5 Kg7
72. Rg5+ Kh7 73. Rg1 Rc2 74. Rb1 Kg8 75. h5 Kg7 76. Rg1+ Kh7 77. Rb1 Kg7 78.
Rg1+ Kh7 79. Kf7 Rf2+ 80. Ke6 Re2+ 81. Kf6 Rf2+ 82. Kg5 Re2  1/2-1/2

[Event "Olomouc Chess Summer 2019 - Open Olomouc"]
[Site "Olomouc (CZE), Hotel Flora"]
[Date "2019.08.16"]
[Round "8"]
[Board "4"]
[White "SVOBODOVA, Michaela"]
[Black "CHUDINOVSKIKH, Alexander M"]
[Result "0-1"]
[WhiteElo "2055"]
[BlackElo "2145"]
[PlyCount "96"]
[EventDate "2019.08.10"]
[EventRounds "9"]
[EventCountry "CZE"]

1. e4 e5 2. Nf3 Nc6 3. Nc3 Nf6 4. d4 exd4 5. Nxd4 Bb4 6. Nxc6 bxc6 7. Bd3 d5 8.
exd5 O-O 9. O-O cxd5 10. Bg5 c6 11. Na4 Bd6 12. Qf3 h6 13. Bxf6 Qxf6 14. Qxf6
gxf6 15. c4 Ba6 16. Rac1 Rad8 17. g3 Be5 18. b3 Bd4 19. Kg2 c5 20. Rfd1 dxc4
21. Bxc4 Bb7+ 22. Kg1 f5 23. Re1 f4 24. Re7 Bc6 25. Rce1 Rd6 26. Rxa7 fxg3 27.
hxg3 Rf6 28. Re2 Rf5 29. Kf1 Bf3 30. Ree7 h5 31. Ke1 h4 32. gxh4 Bh5 33. Rad7
Bxf2+ 34. Kd2 Bxh4 35. Re4 Bg5+ 36. Kc3 Bf6+ 37. Kd2 Rf2+ 38. Be2 Bg6 39. Ke1
Rh2 40. Rf4 Bg5 41. Rg4 Rxe2+ 42. Kxe2 Bh5 43. Kf3 f5 44. Nxc5 Bxg4+ 45. Kg3
Re8 46. a4 Re3+ 47. Kf2 f4 48. Nd3 Bxd7  0-1

[Event "Olomouc Chess Summer 2019 - Open Olomouc"]
[Site "Olomouc (CZE), Hotel Flora"]
[Date "2019.08.16"]
[Round "8"]
[Board "5"]
[White "GEWENIGER, Tim"]
[Black "OCKAY, Tomas"]
[Result "1/2-1/2"]
[WhiteElo "1974"]
[BlackElo "2137"]
[PlyCount "64"]
[EventDate "2019.08.10"]
[EventRounds "9"]
[EventCountry "CZE"]

1. d4 Nf6 2. c4 e6 3. Nc3 d5 4. cxd5 exd5 5. Bg5 Be7 6. e3 O-O 7. Bd3 c6 8. Qc2
Nbd7 9. Nge2 Re8 10. O-O Nf8 11. f3 Nh5 12. Bxe7 Qxe7 13. e4 dxe4 14. fxe4 Bg4
15. e5 f6 16. h3 Be6 17. g4 fxe5 18. gxh5 Qg5+ 19. Kh2 Qxh5 20. Bf5 Bc4 21. Bg4
Qh4 22. Ne4 Bd5 23. dxe5 h5 24. Bf3 Rxe5 25. N2g3 Rae8 26. Nc3 Be6 27. Bg2 Nh7
28. Nce4 Bd5 29. Nc3 Be6 30. Nce4 Bd5 31. Nc3 Be6 32. Nce4 Bd5  1/2-1/2

[Event "Olomouc Chess Summer 2019 - Open Olomouc"]
[Site "Olomouc (CZE), Hotel Flora"]
[Date "2019.08.16"]
[Round "8"]
[Board "6"]
[White "DAMBRAUSKAS, Virginijus"]
[Black "SINGH, Soram Rahul"]
[Result "0-1"]
[WhiteElo "2253"]
[BlackElo "2039"]
[PlyCount "64"]
[EventDate "2019.08.10"]
[EventRounds "9"]
[EventCountry "CZE"]

1. d4 d5 2. c4 e6 3. Nc3 Nf6 4. Nf3 Be7 5. Bf4 O-O 6. e3 b6 7. cxd5 Nxd5 8.
Nxd5 exd5 9. Bd3 c5 10. O-O Nc6 11. e4 Nxd4 12. Nxd4 cxd4 13. e5 a6 14. Qa4 Bc5
15. b4 Bd7 16. Qb3 Be7 17. Qb2 a5 18. a3 Be6 19. Qxd4 axb4 20. axb4 Rxa1 21.
Rxa1 Qc7 22. Bd2 f6 23. Re1 f5 24. f4 g6 25. Rc1 Qb7 26. Bb5 Rc8 27. Rxc8+ Qxc8
28. Qxb6 Kf7 29. Bd3 Qa8 30. Ba6 d4 31. Qb7 Qd8 32. Bd3 Bd5  0-1

[Event "Olomouc Chess Summer 2019 - Open Olomouc"]
[Site "Olomouc (CZE), Hotel Flora"]
[Date "2019.08.16"]
[Round "8"]
[Board "7"]
[White "HOERR, Matthias"]
[Black "CERMAK, Jan"]
[Result "1-0"]
[WhiteElo "2193"]
[BlackElo "1912"]
[PlyCount "67"]
[EventDate "2019.08.10"]
[EventRounds "9"]
[EventCountry "CZE"]

1. c4 f5 2. g3 Nf6 3. Bg2 g6 4. Nc3 Bg7 5. Rb1 O-O 6. b4 d6 7. e3 e5 8. d3 Nbd7
9. Nge2 c6 10. O-O Nb6 11. a4 Rb8 12. b5 Qc7 13. a5 Nbd7 14. Ba3 c5 15. b6 axb6
16. Nb5 Qd8 17. Nxd6 bxa5 18. Nc3 Qe7 19. Nxc8 Rfxc8 20. Bxb7 Rd8 21. Rb5 Qd6
22. Qb3 Qc7 23. Rb1 Kh8 24. Qa4 Nf8 25. Rxc5 Qd7 26. Qxd7 Rxd7 27. Bd5 Rxb1+
28. Nxb1 Nxd5 29. cxd5 Rb7 30. Nd2 a4 31. Ra5 e4 32. dxe4 Bc3 33. Ra8 Bxd2 34.
Bxf8  1-0

[Event "Olomouc Chess Summer 2019 - Open Olomouc"]
[Site "Olomouc (CZE), Hotel Flora"]
[Date "2019.08.16"]
[Round "8"]
[Board "8"]
[White "ZAEHRINGER, Daniel"]
[Black "DHARANI, Srinivas K B"]
[Result "1-0"]
[WhiteElo "2176"]
[BlackElo "1690"]
[PlyCount "67"]
[EventDate "2019.08.10"]
[EventRounds "9"]
[EventCountry "CZE"]

1. d4 Nf6 2. Bg5 c5 3. Bxf6 gxf6 4. d5 Qb6 5. Qc1 Bg7 6. c4 f5 7. Nc3 d6 8. e3
Nd7 9. Qc2 Qa5 10. Nh3 Nb6 11. Bd3 Bd7 12. O-O Na4 13. Nxa4 Bxa4 14. Qe2 Bd7
15. a3 Qc7 16. Rab1 a5 17. Qh5 Qc8 18. Ng5 Rf8 19. Nh3 Rh8 20. Ng5 Rf8 21. h3
h6 22. Nf3 Rg8 23. Nh4 Bf6 24. f4 b5 25. Nxf5 Bxf5 26. Bxf5 Qb7 27. b3 b4 28.
a4 Rg3 29. Kf2 Rg8 30. g4 Kf8 31. h4 Re8 32. g5 hxg5 33. fxg5 Be5 34. Ke2  1-0

[Event "Olomouc Chess Summer 2019 - Open Olomouc"]
[Site "Olomouc (CZE), Hotel Flora"]
[Date "2019.08.16"]
[Round "8"]
[Board "9"]
[White "CAGASIK, Tomas"]
[Black "ZDRAZIL, Tomas"]
[Result "1/2-1/2"]
[WhiteElo "2118"]
[BlackElo "2142"]
[PlyCount "59"]
[EventDate "2019.08.10"]
[EventRounds "9"]
[EventCountry "CZE"]

1. d4 Nf6 2. Bf4 g6 3. Nc3 d5 4. Qd2 Bg7 5. Bh6 O-O 6. Bxg7 Kxg7 7. Nf3 c6 8.
e3 b6 9. Bd3 c5 10. O-O Ba6 11. Rfd1 c4 12. Bf1 b5 13. b4 cxb3 14. axb3 Qb6 15.
Ne5 Rc8 16. Ra2 e6 17. Nd3 Bb7 18. Nc5 Bc6 19. Rda1 a5 20. Nd1 b4 21. Nb2 Nbd7
22. Nbd3 Nxc5 23. Nxc5 Nd7 24. Nd3 Bb7 25. Nb2 Bc6 26. Bd3 Nf6 27. Rc1 Ne8 28.
Raa1 Nd6 29. h3 Bd7 30. Ra2  1/2-1/2

[Event "Olomouc Chess Summer 2019 - Open Olomouc"]
[Site "Olomouc (CZE), Hotel Flora"]
[Date "2019.08.16"]
[Round "8"]
[Board "10"]
[White "PTACNIKOVA, Lenka"]
[Black "ZDRAZIL, Jan"]
[Result "1-0"]
[WhiteElo "2089"]
[BlackElo "1967"]
[PlyCount "49"]
[EventDate "2019.08.10"]
[EventRounds "9"]
[EventCountry "CZE"]

1. e4 c5 2. Nc3 d6 3. f4 g6 4. Nf3 Bg7 5. Bb5+ Bd7 6. Bc4 Nc6 7. O-O Nf6 8. e5
dxe5 9. Nxe5 O-O 10. d3 Nxe5 11. fxe5 Ng4 12. e6 Bxe6 13. Bxe6 Qd4+ 14. Kh1
fxe6 15. Ne4 Rxf1+ 16. Qxf1 Rf8 17. Qe1 Qe5 18. g3 Qh5 19. h4 Nf2+ 20. Kh2 Be5
21. Nxf2 Qxh4+ 22. Nh3 Rf5 23. Qxe5 Qh5 24. Qxe6+ Kg7 25. Bf4  1-0

[Event "Olomouc Chess Summer 2019 - Open Olomouc"]
[Site "Olomouc (CZE), Hotel Flora"]
[Date "2019.08.17"]
[Round "9"]
[Board "1"]
[White "HAUGLI, Petter"]
[Black "HOERR, Matthias"]
[Result "1/2-1/2"]
[WhiteElo "2224"]
[BlackElo "2193"]
[PlyCount "47"]
[EventDate "2019.08.10"]
[EventRounds "9"]
[EventCountry "CZE"]

1. c4 c5 2. Nc3 g6 3. g3 Nc6 4. Bg2 Bg7 5. Nf3 e5 6. O-O Nge7 7. a3 O-O 8. Rb1
a5 9. Ne1 d6 10. Nc2 Be6 11. Ne3 Rb8 12. d3 f5 13. Ned5 h6 14. b4 axb4 15. axb4
cxb4 16. Nxb4 e4 17. Nbd5 exd3 18. exd3 Nd4 19. Nxe7+ Qxe7 20. Nd5 Bxd5 21.
Bxd5+ Kh7 22. Re1 Qd7 23. Bb2 b5 24. Bxd4  1/2-1/2

[Event "Olomouc Chess Summer 2019 - Open Olomouc"]
[Site "Olomouc (CZE), Hotel Flora"]
[Date "2019.08.17"]
[Round "9"]
[Board "2"]
[White "LYS, Josef"]
[Black "GEWENIGER, Tim"]
[Result "1-0"]
[WhiteElo "2115"]
[BlackElo "1974"]
[PlyCount "49"]
[EventDate "2019.08.10"]
[EventRounds "9"]
[EventCountry "CZE"]

1. d4 Nf6 2. Nf3 d5 3. c4 e6 4. Nc3 Be7 5. Bg5 Nbd7 6. e3 O-O 7. Rc1 h6 8. Bh4
dxc4 9. Bxc4 a6 10. a4 c5 11. O-O cxd4 12. exd4 Re8 13. Re1 Nb6 14. Bb3 Nbd5
15. Ne5 Nxc3 16. bxc3 Nd5 17. Qh5 g6 18. Nxg6 fxg6 19. Qxg6+ Kf8 20. Qxh6+ Kf7
21. Qh7+ Kf8 22. Bxd5 exd5 23. Bxe7+ Rxe7 24. Qh8+ Kf7 25. Qxd8  1-0

[Event "Olomouc Chess Summer 2019 - Open Olomouc"]
[Site "Olomouc (CZE), Hotel Flora"]
[Date "2019.08.17"]
[Round "9"]
[Board "4"]
[White "SINGH, Soram Rahul"]
[Black "ZAEHRINGER, Daniel"]
[Result "1/2-1/2"]
[WhiteElo "2039"]
[BlackElo "2176"]
[PlyCount "32"]
[EventDate "2019.08.10"]
[EventRounds "9"]
[EventCountry "CZE"]

1. e4 e5 2. Nf3 Nf6 3. Nc3 Nc6 4. g3 d5 5. exd5 Nxd5 6. Bg2 Nxc3 7. bxc3 Bc5 8.
O-O O-O 9. d3 Bg4 10. Qe1 Re8 11. Nd2 Qd7 12. Nc4 Bh3 13. Qe4 Bxg2 14. Qxg2
Rad8 15. Rb1 b6 16. Re1 Re6  1/2-1/2

[Event "Olomouc Chess Summer 2019 - Open Olomouc"]
[Site "Olomouc (CZE), Hotel Flora"]
[Date "2019.08.17"]
[Round "9"]
[Board "5"]
[White "OCKAY, Tomas"]
[Black "LEE, Zhia Chen Zachary"]
[Result "1-0"]
[WhiteElo "2137"]
[BlackElo "1747"]
[PlyCount "119"]
[EventDate "2019.08.10"]
[EventRounds "9"]
[EventCountry "CZE"]

1. Nf3 Nf6 2. b3 d5 3. Bb2 c5 4. e3 Nc6 5. Be2 Bg4 6. O-O e6 7. d4 cxd4 8. Nxd4
Bxe2 9. Qxe2 Nxd4 10. Bxd4 Be7 11. Nd2 O-O 12. c4 a6 13. Rfd1 Rc8 14. e4 dxe4
15. Nxe4 Qc7 16. Nxf6+ Bxf6 17. Bxf6 gxf6 18. Qf3 f5 19. Rd4 Rcd8 20. Rad1 Rxd4
21. Rxd4 Qe5 22. Qg3+ Qxg3 23. hxg3 Rc8 24. Kf1 Kf8 25. Ke2 Ke7 26. Kd3 h6 27.
Kc3 b6 28. Kb4 e5 29. Rd5 Ke6 30. a4 Rb8 31. Rd1 f6 32. Rh1 Rd8 33. Kc3 Rh8 34.
a5 bxa5 35. Ra1 Rc8 36. Rxa5 Rc6 37. Rd5 Rc7 38. Ra5 Rc6 39. Ra1 e4 40. b4 h5
41. c5 Ke5 42. Kc4 h4 43. gxh4 f4 44. Ra3 f5 45. h5 Re6 46. Rh3 Rh6 47. f3 e3
48. Rh1 Rh8 49. h6 Rh7 50. b5 axb5+ 51. Kxb5 e2 52. Re1 Kd5 53. c6 Rh8 54. c7
Kd6 55. Kb6 Kd7 56. Rxe2 Kc8 57. Re6 Kd7 58. Rg6 Kc8 59. h7 Kd7 60. Rg7+  1-0

[Event "Olomouc Chess Summer 2019 - Open Olomouc"]
[Site "Olomouc (CZE), Hotel Flora"]
[Date "2019.08.17"]
[Round "9"]
[Board "6"]
[White "SRINIVASA RAO, M."]
[Black "CAGASIK, Tomas"]
[Result "1/2-1/2"]
[WhiteElo "2090"]
[BlackElo "2118"]
[PlyCount "128"]
[EventDate "2019.08.10"]
[EventRounds "9"]
[EventCountry "CZE"]

1. Nf3 b6 2. g3 Bb7 3. Bg2 e6 4. O-O f5 5. c4 Nf6 6. d3 g6 7. Nc3 Bg7 8. e4
fxe4 9. Ng5 O-O 10. Ngxe4 Nxe4 11. Nxe4 Nc6 12. Bg5 Qc8 13. Qd2 Nd4 14. Bh6
Bxe4 15. Bxe4 Rb8 16. Bxg7 Kxg7 17. Rac1 c5 18. h4 Rf6 19. h5 Qc7 20. hxg6 hxg6
21. Kg2 Rbf8 22. f3 Qe5 23. Rh1 Nf5 24. Rh3 Qd4 25. Bxf5 gxf5 26. Rch1 Kf7 27.
Rh4 Qd6 28. d4 Rg8 29. Qf4 Qxf4 30. Rxf4 Rfg6 31. Rh3 Kf6 32. Kf2 d6 33. Rfh4
R8g7 34. b3 Rc7 35. dxc5 bxc5 36. Rh7 Rcg7 37. Rh8 Ke5 38. Rd8 d5 39. cxd5 exd5
40. Re8+ Kd6 41. f4 c4 42. bxc4 dxc4 43. Re3 Rb7 44. Ra3 Kc5 45. Ra5+ Kd4 46.
Rh1 Rb2+ 47. Kf3 Rd2 48. Rxf5 Rd3+ 49. Kf2 Rgxg3 50. Rf7 Rdf3+ 51. Ke2 Ra3 52.
Rd1+ Ke4 53. Rd2 c3 54. Rc2 Re3+ 55. Kd1 Kf3 56. Rh2 Re6 57. f5 Rb6 58. Kc1 Kg3
59. Re2 Rh6 60. Rfe7 Kg4 61. R7e6 Rh1+ 62. Re1 Rxe1+ 63. Rxe1 Rxa2 64. Re3 Kxf5
 1/2-1/2